<?xml version="1.0" encoding="UTF-8"?>
<marc:record xmlns:marc="http://www.loc.gov/MARC21/slim">
   <marc:leader>00000nam a2200000 a 4500</marc:leader>
   <marc:datafield ind1="1" ind2=" " tag="100">
      <marc:subfield code="a">Leitl, Leonora</marc:subfield>
      <marc:subfield code="4">aut</marc:subfield>
      <marc:subfield code="e">Verfasser/-in</marc:subfield>
   </marc:datafield>
   <marc:datafield ind1=" " ind2=" " tag="653">
      <marc:subfield code="a">Bildband</marc:subfield>
   </marc:datafield>
   <marc:datafield ind1=" " ind2=" " tag="653">
      <marc:subfield code="a">Erzählerische Bilderbücher</marc:subfield>
   </marc:datafield>
   <marc:datafield ind1=" " ind2=" " tag="653">
      <marc:subfield code="a">Alleinerziehende Mutter</marc:subfield>
   </marc:datafield>
   <marc:datafield ind1=" " ind2=" " tag="653">
      <marc:subfield code="a">Überforderung</marc:subfield>
   </marc:datafield>
   <marc:datafield ind1=" " ind2=" " tag="653">
      <marc:subfield code="a">Alltag</marc:subfield>
   </marc:datafield>
   <marc:datafield ind1="0" ind2="0" tag="245">
      <marc:subfield code="a">Mama &amp; das schwarze Loch</marc:subfield>
   </marc:datafield>
   <marc:datafield ind1="0" ind2="0" tag="245">
      <marc:subfield code="b">Mama und das schwarze Loch</marc:subfield>
   </marc:datafield>
   <marc:datafield ind1="0" ind2="0" tag="245">
      <marc:subfield code="c">Leitl, Leonora</marc:subfield>
   </marc:datafield>
   <marc:datafield ind1=" " ind2="1" tag="264">
      <marc:subfield code="a">Innsbruck</marc:subfield>
      <marc:subfield code="b">Tyrolia-Verl.</marc:subfield>
      <marc:subfield code="c">2015</marc:subfield>
   </marc:datafield>
   <marc:datafield ind1="1" ind2=" " tag="520">
      <marc:subfield code="a">Angaben aus der Verlagsmeldung &#xD;
&#xD;
 &#xD;
&#xD;
  Mama und das schwarze Loch / von Leonora Leitl &#xD;
&#xD;
 &#xD;
Dem Leben wieder mehr Feuer geben &#xD;
 &#xD;
Lotti lebt gemeinsam mit ihrer Mama Adele in einem Haus mit Garten. Von ihrem Papa gibt es nur ein Foto an der Wand, denn der hat sich vor ein paar Jahren mit einer Architektin aus dem Staub gemacht. &#xD;
Auch in Bilderbüchern gibt es mittlerweile längst nicht nur mehr „Bilderbuchfamilien“, moderne Formen wie Eineltern- oder Patchworkfamilien sind ebenfalls zu finden. Die oberösterreichische Künstlerin Nora Leitl öffnet mit ihrem neuen Bilderbuch dabei den Blick für eine Situation, die in solchen Einelternfamilien, aber auch sonst durchaus nicht mehr selten vorkommen kann: Denn plötzlich fängt Mama Adele an komisch zu rauchen, brennt von oben bis unten ab und verschwindet überdies in einem schwarzen Loch. „Burn-out“ – so die professionelle Diagnose. Nun sind dringend Lösungen gefragt, denn die Hausmittel von Oma Mizzi, Brennnesseltee und Branntwein, zeigen nicht die erhoffte Wirkung. Doch dann hat Lotti eine Idee … &#xD;
Überraschend leichtfüßig wie ebenso ernsthaft nähert sich Nora Leitl diesem schwierigen Thema, macht Zusammenhänge bewusst und gibt Anstöße, wie mit dieser Thematik umgegangen werden kann.</marc:subfield>
   </marc:datafield>
   <marc:datafield ind1=" " ind2=" " tag="020">
      <marc:subfield code="a">9783702234362</marc:subfield>
      <marc:subfield code="9">9783702234362</marc:subfield>
   </marc:datafield>
   <marc:datafield ind1=" " ind2=" " tag="020">
      <marc:subfield code="a">3702234365</marc:subfield>
      <marc:subfield code="9">3702234365</marc:subfield>
   </marc:datafield>
   <marc:datafield ind1=" " ind2=" " tag="041">
      <marc:subfield code="a">ger</marc:subfield>
   </marc:datafield>
   <marc:datafield ind1=" " ind2=" " tag="300">
      <marc:subfield code="b">zahlr. Ill.</marc:subfield>
   </marc:datafield>
   <marc:datafield ind1=" " ind2=" " tag="338">
      <marc:subfield code="a">Band</marc:subfield>
   </marc:datafield>
   <marc:datafield ind1=" " ind2=" " tag="300">
      <marc:subfield code="a">[26] S.</marc:subfield>
   </marc:datafield>
</marc:record>
